Concesión del título de ciudad a Alcalá de Henares por S.M. el rey don Carlos II. (Record no. 182286)
[ view plain ]
| 000 -LEADER | |
|---|---|
| campo de control de longitud fija | 00898nam a2200229 i 4500 |
| 001 - NÚMERO DE CONTROL | |
| campo de control | 182286 |
| 003 - IDENTIFICADOR DE NÚMERO DE CONTROL | |
| campo de control | ES-MaACL |
| 005 - FECHA Y HORA DE LA ÚLTIMA TRANSACCIÓN | |
| campo de control | 20250805055433.0 |
| 008 - DATOS DE LONGITUD FIJA--INFORMACIÓN GENERAL | |
| campo de control de longitud fija | 130731s1987 sp |||| | spa d |
| 020 ## - NÚMERO INTERNACIONAL ESTÁNDAR DEL LIBRO | |
| Número Internacional Estándar del Libro | 84-505-5777-1 |
| 080 ## - NÚMERO DE LA CLASIFICACIÓN DECIMAL UNIVERSAL | |
| Número de la Clasificación Decimal Universal | 946.41 Alcalá de Henares "16"(093) |
| 110 1# - ENTRADA PRINCIPAL--NOMBRE DE ENTIDAD CORPORATIVA | |
| Nombre de entidad corporativa o nombre de jurisdicción como elemento de entrada | España. |
| Unidad subordinada | Rey (1665-1700: Carlos II) |
| 9 (RLIN) | 153121 |
| 245 10 - MENCIÓN DEL TÍTULO | |
| Título | Concesión del título de ciudad a Alcalá de Henares por S.M. el rey don Carlos II. |
| 250 ## - MENCION DE EDICION | |
| Mención de edición | Edición conmemorativa de su Tercer Centenario (1687-1987). |
| 260 ## - PUBLICACIÓN, DISTRIBUCIÓN, ETC. | |
| Lugar de publicación, distribución, etc. | Alcalá de Henares : |
| Nombre del editor, distribuidor, etc. | Ayuntamiento, |
| Fecha de publicación, distribución, etc. | D.L. 1987. |
| 300 ## - DESCRIPCIÓN FÍSICA | |
| Extensión | [30] p. ; |
| Dimensiones | 22 cm. |
| 500 ## - NOTA GENERAL | |
| Nota general | Incluye acta de recepción del título de ciudad por el Concejo de Alcalá de Henares. |
| 651 #4 - PUNTO DE ACCESO ADICIONAL DE MATERIA--NOMBRE GEOGRÁFICO | |
| Nombre geográfico | Alcalá de Henares- |
| Subdivisión general | Historia- |
| Subdivisión cronológica | S.XVII. |
| 9 (RLIN) | 145067 |
| 700 0# - ENTRADA AGREGADA--NOMBRE PERSONAL | |
| Nombre de persona | Carlos |
| Numeración | II, |
| Títulos y otros términos asociados al nombre | Rey de España |
| 9 (RLIN) | 35303 |
| 852 ## - LOCALIZACIÓN | |
| Ubicación | ES-MaACL |
| Número de control de estantería | 2316-F-34 |
| Estatus retirado | Estado de pérdida | Estado de daño | No para préstamo | Colección | Biblioteca de origen | Biblioteca actual | Ubicación en estantería | Fecha de adquisición | Fuente de adquisición | Total de préstamos | Signatura topográfica completa | Código de barras | Visto por última vez | Precio de reemplazo | Tipo de ítem Koha |
|---|---|---|---|---|---|---|---|---|---|---|---|---|---|---|---|
| Colección de folletos | Biblioteca del Ateneo de Madrid | Biblioteca del Ateneo de Madrid | Depósito folletos | 31/07/2013 | 2316-F-34 | 1191562 | 23/02/2023 | 23/02/2023 | Folleto |
